Banke u Jugoslaviji.

Zoznam 76 juhoslovanských bánk. Údaje o majetku a hospodárení jednotlivých bánk v r. 1990. Údaje o úverovaní vývozu, úverovaní podnikov, spolupráci so zahraničnými bankami, fondoch na financovanie vývozu. Prehľady o poskytovaných krátkodobých a dlhodobých úveroch jednotlivými bankami.

Salvato in:
Dettagli Bibliografici
Natura: Capitolo di libro
Lingua:serbo
Soggetti:
Tags: Aggiungi Tag
Nessun Tag, puoi essere il primo ad aggiungerne!!

MARC

LEADER 00000naa a2200000 4500
001 r002286
005 20220819193715.1
041 0 |a srp 
044 |a [YU] 
245 1 0 |a Banke u Jugoslaviji. 
520 |a Zoznam 76 juhoslovanských bánk. Údaje o majetku a hospodárení jednotlivých bánk v r. 1990. Údaje o úverovaní vývozu, úverovaní podnikov, spolupráci so zahraničnými bankami, fondoch na financovanie vývozu. Prehľady o poskytovaných krátkodobých a dlhodobých úveroch jednotlivými bankami. 
610 2 0 |a banky 
610 2 0 |a úverovanie 
610 2 0 |a vývoz 
610 2 0 |a úver dlhodobý 
610 2 0 |a úver krátkodobý 
610 2 0 |a údaje štatistické 
610 2 0 |a SFRJ 
610 2 0 |a 1990